书目信息 |
| 题名: |
新型建筑模板实用技术
|
|
| 作者: | 张良杰 , 张为增 著 | |
| 分册: | ||
| 出版信息: | 北京 中国建筑工业出版社 2007.03 |
|
| 页数: | 411页 | |
| 开本: | 27cm | |
| 丛书名: | ||
| 单 册: | ||
| 中图分类: | TU755.2 | |
| 科图分类: | ||
| 主题词: | 建筑工程--jian zhu gong cheng--模板法施工--施工技术 | |
| 电子资源: | ||
| ISBN: | 9787112089581 | |
| 000 | 00891nam0 2200229 450 | |
| 001 | 012007631995 | |
| 005 | 20070619155711.25 | |
| 010 | @a9787112089581@b精装@dCNY52.00 | |
| 100 | @a20070418d2007 km y0chiy0120 ea | |
| 101 | 0 | @achi |
| 102 | @aCN@b110000 | |
| 105 | @aak z 000yy | |
| 200 | 1 | @a新型建筑模板实用技术@Axin xing jian zhu mo ban shi yong ji shu@f张良杰, 张为增著@Fzhang liang jie,zhang wei zeng zhu |
| 210 | @a北京@c中国建筑工业出版社@d2007.03 | |
| 215 | @a411页@c图@d27cm | |
| 330 | @a本书共分两大篇:第一篇共8章,分别介绍了我国新型模板的概况、模板技术经济分析以及大模板、柱模板、清水混凝土模板、楼板模板、桥梁模板等的设计、加工和工程应用情况等。 | |
| 606 | 0 | @a建筑工程@Ajian zhu gong cheng@x模板法施工@x施工技术 |
| 690 | @aTU755.2@v4 | |
| 701 | 0 | @a张良杰@Azhang liang jie@4著 |
| 701 | 0 | @a张为增@Azhang wei zeng@4著 |
| 801 | 0 | @aCN@c20070619 |
| 905 | @dTU755.2@eZ132 | |
| 新型建筑模板实用技术/张良杰, 张为增著.-北京:中国建筑工业出版社,2007.03 |
| 411页:图;27cm |
| ISBN 9787112089581(精装):CNY52.00 |
| 本书共分两大篇:第一篇共8章,分别介绍了我国新型模板的概况、模板技术经济分析以及大模板、柱模板、清水混凝土模板、楼板模板、桥梁模板等的设计、加工和工程应用情况等。 |
| ● |
| 相关链接 |
|
|
|
正题名:新型建筑模板实用技术
索取号:TU755.2/Z132
 
预约/预借
| 序号 | 登录号 | 条形码 | 馆藏地/架位号 | 状态 | 备注 |
| 1 | 242045 | 202420451 | 建筑库201/201建筑库 42排5列5层/ [索取号:TU755.2/Z132] | 在馆 | |
| 2 | 242046 | 202420460 | 建筑库201/201建筑库 42排5列5层/ [索取号:TU755.2/Z132] | 在馆 | |
| 3 | 242047 | 202420479 | 建筑库201/201建筑库 42排5列5层/ [索取号:TU755.2/Z132] | 在馆 |